000 00557nam a2200193Ia 4500
005 20250507130312.0
008 008 250505s9999 xx 000 0 eng d
037 _aSeries Article
040 _aEASL
_beng
_cEASL
041 _aeng
_2eng
084 _qEASL
100 _aThampi Madhavi
245 0 _aWindow on a changing China: Diplomatic musings of India's emoys to Republican China, 1943-9
260 _aUK
_bLondon Sage Publications
_c2014
300 _a203-214 Pp.
650 _aChina
942 _cSRA
999 _c1318873
_d1318873